MARC

LEADER 00000nam0a2200000 4500
001 296854
005 20231102000940.0
035 |a (RuTPU)RU\TPU\book\321962 
090 |a 296854 
100 |a 20150603d1984 k y0rusy50 ca 
101 1 |a rus  |c eng 
102 |a RU 
105 |a a z 001zy 
200 1 |a Введение в курс спектроскопии ЯМР  |e пер. с англ.  |f Х. Гюнтер 
210 |a Москва  |c Мир  |d 1984 
215 |a 478 с.  |c ил. 
320 |a Библиогр.: с. 455-464 и библиогр. в конце глав 
320 |a Предметный указатель: с. 465-474 
606 |a Ядерный магнитный резонанс  |2 stltpush  |3 (RuTPU)RU\TPU\subj\21780  |9 46721 
610 1 |a эксперименты 
610 1 |a физические основы 
610 1 |a органические молекулы 
610 1 |a спектры 
610 1 |a спектроскопия 
610 1 |a химический сдвиг 
610 1 |a спин-спиновое взаимодействие 
610 1 |a анализ 
610 1 |a молекулярная симметрия 
610 1 |a хиральность 
610 1 |a динамические эффекты 
610 1 |a экспериментальные методы 
675 |a 539.143.43  |v 4 
700 1 |a Гюнтер  |b Х.  |g Харальд 
801 1 |a RU  |b 63413507  |c 20150603 
801 2 |a RU  |b 63413507  |c 20181031  |g RCR 
942 |c BK